| 000 | 00413nam a2200145Ia 4500 | ||
|---|---|---|---|
| 005 | 20251222152708.0 | ||
| 008 | 251222s9999||||xx |||||||||||||| ||spa|| | ||
| 020 | _a9789972234644 | ||
| 082 | _a657.46/B45 | ||
| 100 | _aBernal Rojas, Josué Alfredo | ||
| 245 | 0 | _aOperaciones Frecuentes Contables y Tributarias con Sujetos no Domiciliados | |
| 250 | _a1ra.ed. | ||
| 264 | _bPacifico Editores S.A. | ||
| 942 | _cLIB | ||
| 999 |
_c29105 _d29105 |
||